Language Quiz

Random Language or TV Show Quiz
Score 0/20 Timer 06:00
4 Plays Today
% Correct
Arabic
92.7%
Russian
90.4%
German
89.9%
Chinese
85.6%
Spanish
84.6%
Italian
77.8%
Greek
76.9%
Finnish
75.2%
Portuguese
72.4%
Vietnamese
70.3%
% Correct
French
69.9%
Swedish
64.7%
Polish
58.7%
Norwegian
52.7%
Turkish
52.4%
Serbian
45.3%
Icelandic
32.5%
Georgian
31.9%
Hindi
23.6%
Kyrgyz
16.6%
Remove Ads.
Support Sporcle.
Get the best of Sporcle when you Go Orange. This ad-free experience offers more features, more stats, and more fun while also helping to support Sporcle. Thank you for becoming a member.

You're not logged in!

Compare scores with friends on all Sporcle quizzes.
OR
Log In

Sporcle TV

Today on Sporcle TV


Watch our educational content, quiz creation guides, and fun videos on Sporcle TV.

Show Comments

Extras

Top Quizzes Today


Score Distribution

Paid Content

Your Account Isn't Verified!

In order to create a playlist on Sporcle, you need to verify the email address you used during registration. Go to your Sporcle Settings to finish the process.

Report this User

Report this user for behavior that violates our Community Guidelines.

Details: